[Event "EU-Cup 22nd"]
[Site "Fuegen"]
[Date "2006.10.13"]
[Round "6.3"]
[White "Kozul, Zdenko"]
[Black "Pelletier, Yannick"]
[Result "0-1"]
[WhiteElo "2589"]
[BlackElo "2588"]
[Annotator "Pelletier,Y"]
[PlyCount "66"]
[EventDate "2006.10.08"]
[EventType "team-swiss"]
[EventRounds "7"]
[EventCountry "AUT"]
[SourceTitle "CBM 115"]
[Source "ChessBase"]
[SourceDate "2006.11.15"]
[SourceVersion "1"]
[SourceVersionDate "2006.11.15"]
[SourceQuality "1"]
[WhiteTeam "Skopje"]
[BlackTeam "Clichy Echecs 92"]
[WhiteTeamCountry "MKD"]
[BlackTeamCountry "FRA"]

1. d4 d5 2. c4 c6 3. Nc3 Nf6 4. e3 e6 5. Nf3 Nbd7 6. Bd3 dxc4 7. Bxc4 b5 8. Bd3
Bd6 9. O-O O-O 10. Ng5 {Der Lieblingszug Kozuls im Meraner mit 8...Bd6. Zum
zweiten Mal spielt er ihn in dieser Stellung, und bereits zweimal bevorzugte
er ihn im 9. Zug. Weiß beabsichtigt, beide thematische Vorstöße des
Nachziehenden zu verhindern. c6-c5 soll nach Ne4 erschwert, e6-e5 mittels
f2-f4 gar verboten werden.} Bb7 (10... Qc7 11. f4 h6 12. Nf3 {geschah in
Kozul-Graf, Calvia Olympiade 2006}) ({Nach} 10... a6 11. Bd2 Bb7 12. Nce4 Nxe4
13. Nxe4 Be7 14. b4 e5 15. Qc2 exd4 16. exd4 {besaß Weiß ebenfalls Vorteil in
Bruzon-Dominguez, Santa Clara 2005}) 11. a3 $5 ({Vorbereitet hatte ich mich
nur auf} 11. f4 {, wobei ich die schwarzen Chancen keineswegs für nachteiliger
hielt. Der Textzug ist flexibler.}) 11... Qb8 {Nach ca 30 Minuten gespielt.} (
11... e5 {gefiel mir nicht wegen} 12. b4 exd4 13. exd4 Qc7 14. h3 a5 15. Rb1
axb4 16. axb4 {, aber möglicherweise ist Fritz' Vorschlag 12.Qf3 aktiver}) ({
Vielleicht besser war einfach} 11... a5 {. Der Einschub von a3-a5 passte im
Vergleich zu meinen Analysen nach 11.f4 nicht gut, weshalb ich diesen Zug
frühzeitig verwarf. Trotzdem scheint Schwarz nach} 12. f4 h6 13. Nge4 Nxe4 14.
Nxe4 Be7 {eine akzeptable Stellung zu haben.}) 12. f4 h6 ({Die Kompensation
nach} 12... c5 13. Nxb5 {ist wohl etwas dünn.}) 13. Nf3 (13. Nge4 {wollte ich
mit} Nxe4 14. Nxe4 c5 {begegnen. Schwarz scheint nach} 15. Nxd6 (15. dxc5 Bxc5)
15... Qxd6 16. Bxb5 $1 ({oder} 16. dxc5 Qd5 (16... Qxc5 $6 17. Qe2 {/\ b4}) 17.
Qe2 Nxc5 18. Bxb5 Rfd8 (18... Rac8 $5) 19. b4 Nd3 $44) 16... Rfd8 17. b3 (17.
b4 cxb4 18. Bxd7 (18. axb4 Bxg2 $1) 18... Rxd7 19. axb4 Qxb4 $13) 17... Qb6 (
17... cxd4 18. Qxd4 Nc5 19. Qxd6 Rxd6 20. b4 $14) 18. Bxd7 Rxd7 19. dxc5 Rxd1 (
19... Qc6 20. Qc2 Rad8 21. Ra2) 20. cxb6 Rxf1+ 21. Kxf1 axb6 {gute
Remischancen zu haben. Etwas Kämpfen muss er aber schon noch!}) 13... b4 14.
axb4 Bxb4 15. e4 (15. Ne5 c5 16. Na2 a5 $13) 15... c5 16. e5 Nd5 17. Bb1 $1
cxd4 (17... Rc8 18. Qd3 Nf8 {war vermutlich vorzuziehen. Aber ich befürchtete
ein gelegentliches f4-f5 und überschätzte meine in der Partie vorkommende
Stellung.}) 18. Qd3 f5 19. Nxd4 (19. exf6 $6 N7xf6 (19... N5xf6 20. Nxd4 $36)
20. Nxd4 Qd6 (20... Bc5 21. Kh1 $40) 21. Nxd5 (21. Ne4 Qb6 $13) 21... Bxd5 $13)
19... Nc5 20. Qg3 {Hier war ich ziemlich zuversichtlich, dass meine Stellung
gut war. Die Leichtfiguren sind zentral und sehr aktiv, nur brauche es noch,
die Schwerfiguren zu koordinieren.} Qc7 {Um nach b6 zu kommen, und auf 21.Ba2
die Antwort Rad8 zu haben.} 21. Rd1 Qb6 (21... Rad8 {sieht logischer aus, aber
ich befürchtete} 22. Rxa7 Qb6 23. Rxb7 {Nach} Nxb7 {steht aber Schwarz
überlegen. Richtig wäre also 22.Kh1 mit verteilten Chancen.}) 22. Nxd5 Bxd5 23.
Be3 Qb7 24. Qg6 $1 a5 (24... Qf7 $2 {scheitert an} 25. Qxf7+ Rxf7 26. Nxf5 Bb3
27. Rd4) 25. g4 $5 {Dies sieht äußerst riskant aus, ist aber die logische
Konsequenz des letzten Zuges. Meine Antwort war übrigens ebenfalls vor 24...a5
geplant.} Ra6 26. Nc2 $5 ({Dies fand mich völlig überrascht, wobei ich meinen
nächsten Zug praktisch für entscheidend hielt... In Tat und Wahrheit steht
aber dann Weiß besser! Nach dem von mir erwarteten} 26. gxf5 $6 exf5 27. e6 {
nimmt Schwarz mittels} Bxe6 $1 (27... Nxe6 $2 28. Nxf5 Rf6 (28... Ng5 $2 29.
Nxh6+ Kh8 30. Qxg5 Rxh6 31. Rxd5) 29. Qe8+ Rf8 (29... Nf8 30. Rxd5 $1) 30.
Nxh6+ $1 gxh6 31. Qg6+ Kh8 32. Qxh6+ Kg8 33. Rxd5 $1 $18) (27... Rf6 28. Qe8+
Rf8 29. Qg6 (29. Qh5 Nxe6 $1)) 28. Nxe6 Nxe6 29. Ba2 Kh8 $1 {steht Schwarz
klar besser.}) 26... Bh1 $2 ({Verlockend aber falsch. Nach} 26... Kh8 {steht
Schwarz befriedigend, aber nicht unbedingt im Fall von}) (26... Bf3 27. gxf5
Bxd1 28. f6 Bh5 $5 29. Qxh5 gxf6 30. Nxb4 axb4 31. Rxa6 $1 Qg7+ 32. Kf2 Nxa6
33. f5 $36) 27. gxf5 exf5 28. Rd6 $2 $138 ({Weiß konnte dank dem Zwischenschach
} 28. Ba2+ Kh8 29. Rd6 {klaren Vorteil im Endspiel erhalten! Man sehe:} Qe4 (
29... Rxd6 30. exd6 Nd7 31. Bd4 $18) (29... Be4 30. Bd4 $1 Bxc2 31. e6 $18) 30.
Bd4 Qxc2 31. e6 Qg2+ 32. Qxg2 Bxg2 33. Rxa6 Nxa6 34. Kxg2 $16 {Das Läuferpaar
und der Freibauer garantieren die weiße Überlegenheit.}) 28... Rxd6 29. exd6 (
29. Ba2+ {nützt jetzt nichts wegen} Re6 $1 30. Bxe6+ Nxe6 $19 31. Qxe6+ Kh7 {
und das Matt ist unabwendbar.}) 29... Rf6 30. Ba2+ Kf8 31. Qg3 Ne4 32. d7 Qxd7
33. Qh4 Rg6+ {Nach 34.Kxh1 Nf2! setzt Schwarz matt auf der langen Diagonale.}
0-1

[Event "FRA-chT Top 16 Gp Basse"]
[Site "Guingamp"]
[Date "2010.06.03"]
[Round "8.1"]
[White "Le Roux, Jean Pierre"]
[Black "Sumets, Andrey"]
[Result "0-1"]
[WhiteElo "2512"]
[BlackElo "2614"]
[Annotator "Primel,D"]
[PlyCount "146"]
[EventDate "2010.06.03"]
[EventType "team-tourn"]
[EventRounds "11"]
[EventCountry "FRA"]
[SourceTitle "EXT 2011"]
[Source "ChessBase"]
[SourceDate "2010.11.26"]
[SourceVersion "1"]
[SourceVersionDate "2010.11.26"]
[SourceQuality "1"]
[WhiteTeam "Guingamp"]
[BlackTeam "Lyon Olympique"]
[WhiteTeamCountry "FRA"]
[BlackTeamCountry "FRA"]

1. d4 {Une partie importante pour le maintien des deux équipes} d5 2. c4 c6 3.
Nc3 Nf6 4. e3 e6 5. Nf3 Nbd7 6. Bd3 (6. Qc2) 6... dxc4 7. Bxc4 b5 8. Bd3 Bb7 (
8... a6 {L'ancienne ligne}) 9. e4 (9. O-O {la grande ligne}) 9... b4 10. Na4 {
[%csl Gc5]} (10. e5 bxc3 11. exf6 cxb2 12. fxg7 bxa1=Q 13. gxh8=Q $13) 10... c5
11. e5 Nd5 12. Nxc5 (12. O-O) (12. dxc5 {Gelfand,B (2758)-Aronian,L (2786)
Moscow Tal Memorial 4th 2009 (6) 1-0}) 12... Nxc5 (12... Bxc5 {L'alternative
n'a pas trés bonne réputation théorique}) 13. dxc5 Bxc5 14. O-O h6 (14... Qb6)
15. Nd2 {[%cal Gd2e4,Ge4d6,Ge4c5]} (15. Qa4+ Ke7 $11) (15. Qe2 Qb6 16. Bd2 Rc8
$11) 15... Nc3 {[%cal Gd8d3] L'ukrainien continue а suivre une vieille partie
qu'il avait jouée en 1999} (15... O-O $143 16. Ne4 $14 {[%cal Ge4c5,Ge4d6]} Bd4
17. Nd6 Bc6 18. Bh7+ Kxh7 19. Qxd4 f6 20. Bd2 fxe5 21. Qxe5 Qd7 22. Rac1 Rad8
23. Nc4 $14) (15... Qc7) 16. Qc2 Qd5 {[%cal Gd5g2,Ga8d8]} 17. Nf3 Rd8 $11 18.
Ne1 {[%cal Ge1d3,Ge1g2]} Bd4 19. Bd2 Nb5 20. Rc1 $6 $146 (20. Bxb4 Bxe5 21. Rc1
Bd6 22. Qa4 {Shalimov,V-Sumets,A (2434) Kharkov 1999 (6) 1/2}) 20... b3 $5 (
20... O-O 21. Bxb4 Rc8 $11) 21. Qxb3 Qxb3 22. axb3 a6 23. Ba5 Rd7 24. Bxb5 axb5
25. Nd3 O-O 26. Nc5 Bxc5 27. Rxc5 Rc8 28. Rxc8+ (28. b4 $5 Rxc5 29. bxc5 Rd5 {
[%cal Gd5c5,Gd5e5]} 30. Rc1 {[%cal Gc5c6]} Bc6 (30... Rxe5 31. f4 Rd5 32. c6)
31. Bc7 $14 {[%cal Gc7d6]}) 28... Bxc8 29. Rc1 Bb7 30. f3 Rd3 31. Bc3 Bd5 (
31... b4 $143 32. Bxb4 Rxb3 33. Bc3 $14 {[%csl Gc3][%cal Gc1d1,Gd1d7]}) 32. b4
Bb3 $1 {[%csl Gb3][%cal Gd3d1] En cas d'échange des R, la nulle serait
inévitable} 33. Be1 (33. Kf2 Rd1 34. Rxd1 Bxd1 $11) 33... Re3 34. Rc8+ Kh7 35.
Bc3 Rd3 36. Kf2 g5 37. Ke2 Rd5 38. Ke3 Bc4 39. Bd4 h5 40. g3 Kg7 41. f4 gxf4+
42. gxf4 Kh7 43. Rc7 Kg6 44. Ra7 Rd8 45. Ra1 Kh7 46. Rc1 h4 {[%csl Rg2][%cal
Gh4h3]} 47. Rc3 Kg6 48. Bc5 Rd1 (48... h3 49. b3 Bd5) 49. Be7 h3 $1 {[%csl Gg2,
Rh2] Les noirs ont progressé en fixant la faiblesse "h2" et en créant une case
forte "g2"} 50. b3 $1 (50. Bf6 Rh1 51. b3 Bd5 52. Rc8 Rxh2 53. Rg8+ Kh5 (53...
Kf5 54. Rg5#) 54. Rh8+ Kg4 55. Rg8+ {[%csl Rg4] forçant la nulle par
répétition de coups}) 50... Bd5 51. Ke2 Rb1 52. Rxh3 Rb2+ 53. Ke1 {[%csl Ge1]}
Kf5 54. Bg5 (54. Rh7 Kxf4 55. Rxf7+ Ke4 56. h4) 54... Bxb3 55. Rg3 (55. Rh7 Ke4
(55... Kg6 56. Rh6+) 56. Rxf7 Rxh2) 55... Bc4 56. h4 Rxb4 {[%csl Gb5][%cal
Gb5b1]} 57. h5 {[%cal Gg3h3,Gh5h8]} (57. Rh3 $5 {[%cal Gh4h8]} Rb2 $1 (57...
Rb1+ 58. Kd2 b4 59. h5 {[%csl Gh3,Gh5]}) 58. h5 b4 59. h6 b3 60. h7 Re2+ {
[%csl Re1]}) (57. Kd2) 57... Rb1+ {[%cal Gb1h1]} 58. Kd2 Rh1 (58... Rb2+ 59.
Ke3 Rb3+ 60. Kf2 Rxg3 61. Kxg3 b4 62. Be7 {[%cal Ge7a3]} b3 63. Ba3 Be2 64. h6
Kg6 {[%csl Gb3] Toutes les finales de B opposées ne sont pas nulles!}) 59. h6
b4 60. Rg2 Ke4 61. Kc2 Bd5 62. Kb2 $1 {[%csl Gb2,Gg2] Le K noir est plus actif
que celui des blancs mais il est difficile pour les noirs de progresser si le
breton laisse son K en b2 pour bloquer le P passé et sa R en 02ème rangée.} Kd3
(62... Kf3 63. Rd2) 63. Rf2 Kc4 64. Rc2+ Kb5 65. Re2 Bf3 66. Re3 $6 (66. Rf2 $2
Be4 {[%cal Gh1b1]}) (66. Rd2 $8 Be4 67. Rd4 Rb1+ 68. Ka2 {[%cal Gd4e4,Ga2b1]}
b3+ 69. Ka3 Bc2 70. Bh4 $1 {[%cal Gd4h4,Gf4f5,Gh6h8]} Rh1 71. f5 $1 {[%cal
Gh6h8]} Bxf5 72. Kxb3 $11 Kc5 73. Bf2 {[%cal Gf2c5]} (73. Rc4+ Kd5 74. Bg5 Kxe5
75. Rh4 Rxh4 76. Bxh4 Bg6) 73... Rb1+ 74. Kc3) 66... Rh2+ $1 67. Kb1 $2 (67.
Kc1 Bd5 $17) 67... Bg4 68. f5 Bxf5+ 69. Kc1 Kc4 70. Bf4 Rc2+ 71. Kd1 Rf2 72.
Bg3 Rf1+ 73. Be1 Rh1 {[%mdl 4096]} 0-1

[Event "Rohde op 07th"]
[Site "Sautron"]
[Date "2007.10.29"]
[Round "3"]
[White "Koziak, Vitali"]
[Black "Potkin, Vladimir"]
[Result "1/2-1/2"]
[WhiteElo "2437"]
[BlackElo "2612"]
[Annotator "RR"]
[PlyCount "68"]
[EventDate "2007.10.27"]
[EventType "swiss"]
[EventRounds "9"]
[EventCountry "FRA"]
[SourceTitle "EXT 2008"]
[Source "ChessBase"]
[SourceDate "2007.11.25"]
[SourceVersion "1"]
[SourceVersionDate "2007.11.25"]
[SourceQuality "1"]

1. d4 d5 2. c4 e6 3. Nc3 c6 4. Nf3 Nf6 5. e3 Nbd7 6. Bd3 (6. Qc2 {
l'alternative pour essayer de ne pas perdre un tempo avec le B} Bd6 7. Be2 (7.
b3) (7. g4 $5 {La variante Shirov qui est devenue trés populaire contre la
Semi-Slave ces dernières années} dxc4 8. Bxc4 e5 9. g5)) 6... dxc4 $1 {[%cal
Gb7b5] Retombe sur une trés solide variante Meran} 7. Bxc4 b5 8. Bd3 {la
variante principale} (8. Be2 {Considéré comme inférieur par la théorie par
rapport а Bd3 mais Kramnik a relancé cette ligne en l'utilisant contre Topalov}
Bb7 9. O-O (9. e4) 9... Be7 (9... a6) 10. e4 b4 11. e5 bxc3 12. exf6 Bxf6 (
12... Nxf6 13. bxc3) 13. bxc3 c5 (13... O-O) 14. dxc5 Nxc5 {Kramnik,V (2743)
-Topalov,V (2813) World Championship playoff rapid 2006 (4) 1-0}) (8. Bb3) 8...
Bd6 9. O-O O-O 10. a4 b4 11. Ne4 Nxe4 12. Bxe4 Bb7 13. b3 ({RR} 13. Nd2 $143
Rc8 14. Nc4 Bb8 15. b3 Ba6 16. Bf3 c5 17. Bd2 Bxc4 18. bxc4 a5 19. d5 Qh4 20.
g3 Qxc4 21. e4 Ne5 22. Bg2 exd5 23. exd5 Qa6 24. Bf4 Ng6 25. Bxb8 Rxb8 26. Rc1
Qd6 27. f4 Rfc8 {Balhar,J (2266)-Arzumanian,G (2431)/Pardubice 2006/CBM 113
ext/0-1 (50)}) 13... Nf6 14. Bd3 c5 15. dxc5 Bxf3 $146 ({RR} 15... Bxc5 16. Bb2
Be7 17. Rc1 Nd5 18. Ne5 Bf6 19. Qf3 Rb8 20. Rfd1 Qe7 21. Qe2 Rfd8 22. Bc4 Nc3
23. Bxc3 bxc3 24. Ng4 g6 25. Nxf6+ Qxf6 26. f3 Rxd1+ 27. Rxd1 Qe5 28. Rd4 Bd5
29. f4 Qf5 {0-1 Hecht,H (2388)-Tkachiev,V (2625)/Saint Vincent 2005/CBM 110})
16. gxf3 Be5 {[%csl Rc3]} 17. Ra2 Qc7 $44 {Il est difficile de valoriser le P
de plus des blancs} 18. Rc2 Rad8 19. Rc4 Bxh2+ 20. Kg2 {[%csl Rg2]} Be5 21.
Rxb4 Qxc5 22. Rc4 Qd5 {Il est difficile d'exploiter la position du K blanc} 23.
Be2 Qb7 24. Qc2 Rd5 25. Rd1 $1 Rfd8 26. Rxd5 Nxd5 27. Qe4 $11 {[%cal Ge4b7,
Ge4e5]} Bf6 28. b4 a6 29. Bd2 Be7 30. Rd4 g6 31. b5 axb5 32. Bxb5 Bc5 33. Rd3
h5 34. Bc3 Qe7 1/2-1/2

[Event "POL-chT 66th"]
[Site "Katowice"]
[Date "2010.09.07"]
[Round "4"]
[White "Kempinski, Robert"]
[Black "Czarnota, Pawel"]
[Result "1/2-1/2"]
[WhiteElo "2615"]
[BlackElo "2524"]
[Annotator "RR"]
[PlyCount "128"]
[EventDate "2010.09.04"]
[EventType "team-tourn"]
[EventRounds "9"]
[EventCountry "POL"]
[SourceTitle "EXT 2016"]
[Source "ChessBase"]
[SourceDate "2015.10.08"]
[SourceVersion "1"]
[SourceVersionDate "2015.10.08"]
[SourceQuality "1"]
[WhiteTeam "Wroclaw"]
[BlackTeam "Szkola Grudziadz"]
[WhiteTeamCountry "POL"]
[BlackTeamCountry "POL"]

1. d4 d5 2. c4 c6 3. e3 Nf6 4. Nc3 e6 5. Nf3 Nbd7 6. Bd3 dxc4 7. Bxc4 b5 8. Bd3
b4 (8... Bb7 9. a3 b4 10. axb4 (10. Ne4) 10... Bxb4 11. O-O c5 12. Na2 a5 13.
Nxb4 axb4 14. Rxa8 Qxa8 15. Be2 {Gelfand,B (2585)-Shirov,A (2380) URS-ch FL56
Klaipeda 1988 1/2} (15. Bd2 O-O 16. dxc5 Nxc5 17. Bxb4 Bxf3 18. gxf3 Nxd3 19.
Qxd3 Qxf3 $11 {Shirov})) 9. Ne4 Nxe4 10. Bxe4 Bb7 11. O-O Bd6 12. a3 (12. Bd2)
12... a5 (12... bxa3 13. Nd2 axb2 14. Bxb2 O-O 15. Bf3 Qc7 16. Nc4 Bb4 17. Qb3
a5 18. Bc3 Bxc3 19. Qxc3 c5 20. Bxb7 Qxb7 21. Nxa5 Qd5 22. dxc5 Qxc5 23. Qxc5
Nxc5 24. Nc4 g6 25. g3 Rfd8 26. Ne5 Rxa1 27. Rxa1 Rd5 28. Nf3 Ne4 29. Ra4 Nf6
30. Kg2 Kg7 31. Rd4 Rxd4 32. Nxd4 h5 33. h3 Ne4 34. Kf3 Ng5+ 35. Kg2 Ne4 36.
Kf3 Ng5+ 37. Kg2 Ne4 38. Kf3 {1/2-1/2 (38) Wojtaszek,R (2713)-Motylev,A (2656)
Yerevan 2014}) 13. Qc2 $1 {Force un affaiblissement} f5 14. Bxc6 $146 (14. Bd3
c5 15. e4 O-O 16. Ng5 cxd4 17. Nxe6 Qh4 18. g3 Qh3 19. Ng5 Qh5 20. Be2 Qg6 21.
exf5 Rxf5 22. Bc4+ Kh8 23. Qxf5 Qxf5 24. Nf7+ Qxf7 25. Bxf7 Ne5 26. Bh5 Nf3+
27. Bxf3 Bxf3 28. Bd2 Rb8 29. Rfe1 Kg8 30. axb4 Bxb4 31. Bxb4 axb4 32. Ra7 d3
33. Rd7 Be2 34. Rc1 h5 35. f4 Re8 36. Rcc7 Kh8 37. Kf2 Bg4 38. Rxd3 Re2+ 39.
Kf1 Rxb2 40. Rd8+ Kh7 41. Rb8 b3 42. Rbb7 Kg6 43. Rxg7+ Kf5 {Riazantsev,A 
(2634)-Sveshnikov,E (2535) Moscow 2009 1-0}) 14... Rc8 15. d5 (15. Bxd7+ Qxd7
16. Qe2 Qc6 $132 (16... O-O)) 15... exd5 16. Bxd7+ Qxd7 17. Qd3 O-O 18. axb4
axb4 19. Bd2 {[%cal Ga1a7,Gd3d5]} g6 20. Rfc1 (20. Ra7 Bc5 $132) 20... Rxc1+
21. Rxc1 Ra8 22. h3 Ra2 23. Qd4 Qe7 24. Ne1 Be5 25. Qxb4 Qxb4 26. Bxb4 Rxb2 27.
Nd3 Rb3 28. Nxe5 Rxb4 29. Rc7 (29. Nd3 Rb3 30. Nc5 Rb6 31. Ra1 {[%csl Rb7]
[%cal Ga1a7]} d4 $5 32. exd4 Rb4 33. Ra7 Bd5 $44) 29... d4 $1 30. exd4 Bd5 $44
31. Nd7 {[%csl Rg8][%cal Gd7f6]} Kg7 32. Ne5+ Kh6 33. Rd7 Rxd4 34. Kh2 $13 Rd1
35. h4 Bb3 36. Re7 Bd5 37. f3 g5 38. hxg5+ Kxg5 39. Rxh7 Kf6 40. Nd7+ Kg5 41.
Nc5 (41. Kg3 f4+ {[%csl Rg3]}) 41... Kf4 42. Rh4+ Ke3 43. Ra4 Bxf3 $3 44. Ra3+
(44. gxf3 Kxf3 {[%csl Gf5]}) 44... Kd4 45. Nb3+ Ke4 46. Ra4+ Ke3 47. gxf3 Kxf3
48. Nd4+ Ke4 49. Ne6+ Ke3 50. Nf4 Rd4 51. Ng2+ Ke4 52. Ra8 Kf3 53. Rf8 f4 54.
Kh3 Ra4 55. Nh4+ Kf2 $1 56. Rb8 Re4 57. Rb2+ Ke3 58. Kg2 Ra4 59. Nf3 Ra3 60.
Ng5 Rd3 61. Kh3 Rd2 62. Rb3+ Rd3 63. Rb8 f3 64. Kg3 Ke2 1/2-1/2

[Event "Biel GM 48th"]
[Site "Biel"]
[Date "2015.07.28"]
[Round "8"]
[White "Rapport, Richard"]
[Black "Navara, David"]
[Result "0-1"]
[WhiteElo "2671"]
[BlackElo "2724"]
[Annotator "Ramirez Alvarez,A"]
[PlyCount "80"]
[EventDate "2015.07.20"]
[EventType "tourn"]
[EventRounds "10"]
[EventCountry "SUI"]
[EventCategory "19"]
[SourceTitle "CBM 168"]
[Source "ChessBase"]
[SourceDate "2015.09.14"]
[SourceVersion "1"]
[SourceVersionDate "2015.09.14"]
[SourceQuality "1"]

1. Nf3 d5 2. d4 Nf6 3. c4 c6 4. Nc3 e6 5. e3 Nbd7 6. Bd3 dxc4 7. Bxc4 b5 8. Bd3
Bd6 9. O-O O-O {A well known position in which White has basically tried
everything under the sun.} 10. Ne2 {This move hasn't been played in a while,
but it is still valid.} a6 11. a4 Bb7 12. axb5 $6 {It's not clear to me why
White releases the pressure on the queenside and allows Black to take on b5
with the c-pawn, liberating the bishop on b7.} cxb5 13. Ng3 {White is prepared
against e5. Black could first play 13...g6 to defend f5, but Navara evaluates
that as unnecessary.} e5 (13... g6 14. Bd2 $15) 14. Bb1 (14. Nf5 Bb8 (14... Bc7
$5) 15. dxe5 Nxe5 {and Black has a more comfortable position.}) 14... Re8 15.
Ba2 {White targets the soft f7 pawn. However with Black's superior development
(compare the power of Black's two bishops and White's two bishops, not just
the one on a2), it is clear that Black is to be prefered.} h6 $6 {This move
looks natural, to stop Ng5, but it was perhaps a good time to bring some other
pieces into the game.} (15... exd4 16. Nxd4 Ne5 {and the knight lands on e5
immediately, unlike the long route it takes in the game to achieve some
activity.}) 16. Bd2 Bc7 17. Nh4 Nf8 18. Nhf5 Ne6 19. dxe5 (19. Bc3 $1) 19...
Bxe5 20. f4 $2 {A very ambitious pawn sacrifice (?) but it is completely
unclear what Rapport actually gets for his pawn.} Bxb2 (20... Bc7 21. Bc3 $16 {
is not even an option.}) 21. Rb1 Ba3 22. Bc3 Qxd1 23. Rbxd1 {There is plenty
of pressure on the kingside, but Navara has a good way of beating back the
attack.} Ne4 24. Bxg7 $2 (24. Nxe4 Bxe4 25. Nd6 Bxd6 26. Rxd6 {White is just
down a pawn, but at least he has some fighting chance.}) 24... Nxg3 25. hxg3
Be4 {White isn't losing a piece, but he is losing the game.} 26. Bb2 Bxb2 27.
Nd6 Bc6 28. f5 Ng5 29. Nxe8 Bxe8 {The smoke has basically cleared. Black has a
completely won position: two pieces for a rook with two passed pawns on the
queenside that are very dangerous. Navara mops up nicely.} 30. Rd6 Kh7 31. f6
Be5 32. Rd5 Bxg3 33. Rfd1 Kg6 34. Rf1 Kh7 35. Rfd1 Bc7 36. Bb1+ Kg8 37. Kf2 Nh7
38. Rc5 Bb6 39. Rcd5 Nxf6 40. Rd6 Ng4+ 0-1